=LDR 00000nam 2200000 4500 =001 INLIS000000000011463 =005 20130612103026 =008 ***********************************Ind** =035 ##$$a0010-061300000011463 =041 ##$$a Ind =082 ##$$a 352.94 =090 ##$$a 352.94, Kam b =100 ##$$a Kamaluddin, Rusliani =245 ##$$a Beberapa aspek Pembangunan nasional dan daerah, Rusliani Kamaluddin =260 ##$$a 1983 $b Jakarta =300 ##$$a 144 hlm., 21 cm =650 ##$$a Pembangunan Daerah =850 ##$$a NBPNMAT =990 ##$$a 0001/BPAP-NTB/20142014 =990 ##$$a 0001/BPAP-NTB/20142014